[Event "Oakham"]
[Site "Oakham"]
[Date "1993.??.??"]
[Round "2"]
[White "Dunworth, Christopher"]
[Black "Tkachiev, Vladislav"]
[Result "0-1"]
[WhiteElo "2300"]
[BlackElo "2380"]

1.Nf3 Nf6 2.g3 d5 3.Bg2 c5 4.O-O g6 5.d3 Bg7 6.Nbd2 O-O 7.Re1 Nc6 8.e4 h6
9.c3 d4 10.cxd4 cxd4 11.a4 Be6 12.Nc4 Nd7 13.Bd2 Nc5 14.Qc2 Rc8 15.Rac1 a5
16.b3 Na6 17.Nh4 Ncb4 18.Qb1 Bxc4 19.bxc4 e5 20.Bh3 Rc6 21.Bxb4 axb4 22.Qc2 Nc5
23.Ra1 b3 24.Qd2 Ra6 25.Bf1 Qa5 26.Qxa5 Rxa5 27.Reb1 Rfa8 28.Ra3 Rxa4 29.Raxb3 Nxb3
30.Rxb3 R8a7 31.h3 Bf8 32.Nf3 f6 33.h4 h5 34.Rb6 R4a6 35.Rb2 Bc5 36.Bh3 b6
37.Nh2 Ra1+ 38.Bf1 f5 39.Nf3 fxe4 40.dxe4 d3 41.Nxe5 Bd4 42.Nxd3 Bxb2 43.Nxb2 Rb1  0-1

[Event "Oakham"]
[Site "Oakham"]
[Date "1993.??.??"]
[Round "3"]
[White "Tkachiev, Vladislav"]
[Black "Martin, Andrew D"]
[Result "1-0"]
[WhiteElo "2380"]
[BlackElo "2440"]

1.e4 e6 2.d4 d5 3.Nc3 dxe4 4.Nxe4 Bd7 5.Nf3 Bc6 6.Bd3 Nd7 7.Qe2 Ngf6 8.Neg5 Bxf3
9.Qxf3 c6 10.O-O Qb6 11.Be3 c5 12.d5 exd5 13.Rfe1 Be7 14.Bf4 h6 15.Qh3 Kf8
16.Nh7+ Rxh7 17.Bxh7 Bd6 18.Bd2 Ne5 19.Bf5 Nc4 20.Bxh6 Qxb2 21.Bg5 Ng8 22.Qh8  1-0

[Event "Oakham"]
[Site "Oakham"]
[Date "1993.??.??"]
[Round "4"]
[White "Afek, Yochanan"]
[Black "Tkachiev, Vladislav"]
[Result "1/2-1/2"]
[WhiteElo "2370"]
[BlackElo "2380"]

1.e4 g6 2.d4 Bg7 3.c3 d6 4.f4 Nf6 5.e5 Nd5 6.Nf3 O-O 7.Bc4 Nb6 8.Bb3 dxe5
9.dxe5 Qxd1+ 10.Bxd1 f6 11.Bb3+ Kh8 12.exf6 exf6 13.Kf2 Re8 14.a4 Bf8 15.Be3 Be6
16.Bxe6 Rxe6 17.Nd4 Re8 18.Nb5 Nd5 19.Bd2 a6 20.c4 axb5 21.cxd5 b4 22.Be3 Ra5
23.Rc1 Na6 24.Nd2 Rxd5 25.Nc4 Bc5 26.Rd1 Rxd1 27.Rxd1 Bxe3+ 28.Nxe3 Nc5 29.a5 Kg7
30.Rd5 Ne4+ 31.Kf3 Nd6 32.Rc5 c6 33.a6 Ne4 34.Rc2 b3 35.Rc1 bxa6 36.Rxc6 f5
37.Rxa6 Rd8 38.g4 Nd2+ 39.Ke2 fxg4 40.Nxg4 Nc4 41.Ra7+  1/2-1/2

[Event "Oakham"]
[Site "Oakham"]
[Date "1993.??.??"]
[Round "6"]
[White "Lamoureux, Charles"]
[Black "Tkachiev, Vladislav"]
[Result "1/2-1/2"]
[WhiteElo "2345"]
[BlackElo "2380"]

1.e4 g6 2.d4 Bg7 3.Nf3 d6 4.Be2 Nf6 5.Nc3 O-O 6.O-O c6 7.Re1 Nbd7 8.Bf4 Qa5
9.Nd2 Qc7 10.Bg3 Rd8 11.a4 e5 12.Nb3 exd4 13.Qxd4 Ne5 14.Rad1 Bg4 15.Qd2 Bxe2
16.Rxe2 Nh5 17.Bh4 Re8 18.Rb1 Nc4 19.Qc1 d5 20.exd5 Rxe2 21.Nxe2 cxd5 22.Bg5 Re8
23.Nbd4 Nd6 24.c3 Ne4 25.Be3 a6 26.Nf3 Nhf6 27.h3 Nd7 28.Nf4 Qc4 29.Qd1 Ndf6
30.Bd4 Bh6 31.Nd3 Bg7 32.Nde5 Qc7 33.Qb3 Nd6 34.Qd1 Qc8 35.Nd3 Nde4 36.Nb4 Qc4
37.Qc2 h6 38.Nd3 Rc8 39.Nde5 Qc7 40.Qb3 Re8 41.Nd3 Rc8 42.Be5 Qe7 43.Nf4 Ng5
44.Bxf6 Nxf3+ 45.gxf3 Qxf6 46.Nxd5 Qe5 47.Kf1 Qh5 48.Kg2 Qg5+ 49.Kf1 Qh4
50.Qxb7 Qxh3+ 51.Kg1 Re8 52.Ne7+ Kh7 53.Re1 Bf6 54.Qd5 Kg7 55.Qd6 Rxe7 56.Rxe7 Bxe7
57.Qxe7 Qxf3 58.Qe5+ Kg8 59.Qd4 h5 60.b4 Qc6 61.a5 h4 62.Qd8+ Kg7 63.Qd4+ Kg8
64.Kh2 Qf3 65.Qe3 Qd5 66.Qd4 Qf3 67.Qxh4 Qxc3 68.Qd8+ Kh7 69.Qd6 Qc4 70.Kg3 g5
71.f4 gxf4+ 72.Qxf4 Qd3+ 73.Kg4 Qd1+ 74.Kg5 Qd8+ 75.Kf5 Qc8+ 76.Kf6 Qe6+
77.Kg5 Qe7+ 78.Kh5 Qe2+ 79.Qg4 Qe5+ 80.Kh4 Qe1+ 81.Kg5 Qe7+ 82.Kf5 Qd7+ 83.Kf4 Qd4+
84.Kg3 Qg1+ 85.Kh4 Qe1+ 86.Kh5 Qe5+ 87.Qg5 Qe2+ 88.Qg4  1/2-1/2

[Event "Oakham"]
[Site "Oakham"]
[Date "1993.??.??"]
[Round "7"]
[White "Tkachiev, Vladislav"]
[Black "Ledger, Andrew"]
[Result "1-0"]
[WhiteElo "2380"]
[BlackElo "2330"]

1.e4 c6 2.d4 d5 3.Nc3 g6 4.Nf3 Bg7 5.h3 Nf6 6.Bd3 dxe4 7.Nxe4 Nxe4 8.Bxe4 Nd7
9.O-O Qc7 10.Bg5 O-O 11.Re1 e5 12.d5 cxd5 13.Bxd5 Nc5 14.b4 Ne6 15.Be3 Bd7
16.c4 Rfe8 17.Rc1 Rac8 18.h4 h6 19.Qc2 Bc6 20.Bxc6 bxc6 21.h5 g5 22.Qe4 Nd4
23.Bxd4 exd4 24.Qxe8+ Rxe8 25.Rxe8+ Kh7 26.g3 Qd7 27.Ree1 Qf5 28.Nd2 d3 29.Nb3 Bb2
30.Rcd1 Bc3 31.Re3 Bxb4 32.Rdxd3 g4 33.Rd1 Qxh5 34.Rd7 a5 35.Rb7 Qg6 36.Nd4 Qf6
37.Re4 Qg6 38.Rf4 Kg8 39.Nf5 Bf8 40.Rb8 Qe6 41.c5 h5 42.Nd6 f6 43.Re4 Qd5
44.Ree8  1-0

[Event "Oakham"]
[Site "Oakham"]
[Date "1993.??.??"]
[Round "8"]
[White "Tkachiev, Vladislav"]
[Black "Karolyi, Tibor Jr"]
[Result "1/2-1/2"]
[WhiteElo "2380"]
[BlackElo "2370"]

1.e4 e5 2.Nf3 Nc6 3.Bb5 a6 4.Ba4 Nf6 5.O-O Nxe4 6.d4 b5 7.Bb3 d5 8.dxe5 Be6
9.Nbd2 Bc5 10.Qe2 Bf5 11.a4 Rb8 12.axb5 axb5 13.Nxe4 dxe4 14.Ng5 O-O 15.Be3 Qe7
16.e6 Bxe3 17.exf7+ Kh8 18.Qxe3 h6 19.Ra6 Ne5 20.Ne6 Rxf7 21.Nd4 Bc8 22.Bxf7 Bxa6
23.Qxe4 Rd8 24.Bb3 c5 25.Ne6 Nc4 26.Bxc4 bxc4 27.Re1 Rc8 28.h3 Bb5 29.Re3 Ba6
30.Qe5 Re8 31.Qxc5 Qb7 32.Nc7 Rc8 33.Re8+ Rxe8 34.Nxe8 Qxb2 35.Qf8+ Kh7 36.Qf5+ Kh8
37.Nd6 Qd4 38.Qf8+ Kh7 39.Qf5+ Kh8 40.Nf7+ Kg8 41.Nxh6+ gxh6 42.Qg6+ Kf8
43.Qxh6+ Ke7 44.Qxa6 Qd1+ 45.Kh2 Qxc2 46.h4 c3 47.h5 Qd2  1/2-1/2

[Event "Biel op"]
[Site "Biel"]
[Date "1994.??.??"]
[Round "2"]
[White "Tkachiev, Vladislav"]
[Black "Alexandria, Nana"]
[Result "1-0"]
[WhiteElo "2535"]
[BlackElo "2325"]

1.e4 c5 2.Nf3 b6 3.d4 cxd4 4.Nxd4 Bb7 5.Nc3 a6 6.Bd3 d6 7.f4 Nd7 8.O-O g6
9.Qe1 Bg7 10.Nf3 b5 11.Kh1 Rc8 12.Bd2 Nc5 13.a3 Nf6 14.f5 e6 15.Rd1 Nxd3
16.cxd3 O-O 17.Qh4 exf5 18.Bg5 h6 19.Bxh6 fxe4 20.Ng5 Rc5 21.dxe4 Re8 22.Bxg7 Kxg7
23.Nxf7 Kxf7 24.Qh7+ Ke6 25.Qxb7 Qe7 26.Qxa6 Rh8 27.Rxd6+  1-0

[Event "Biel op"]
[Site "Biel"]
[Date "1994.??.??"]
[Round "5"]
[White "Nevednichy, Vladislav"]
[Black "Tkachiev, Vladislav"]
[Result "1/2-1/2"]
[WhiteElo "2470"]
[BlackElo "2535"]

1.e4 c5 2.Nf3 e6 3.d3 Nc6 4.g3 g6 5.Bg2 Bg7 6.O-O Nge7 7.c3 e5 8.a3 a5 9.a4 O-O
10.Na3 d6 11.Be3 b6 12.Re1 Rb8 13.Nd2 Be6 14.Nb5 Qd7 15.Nc4 d5 16.exd5 Nxd5
17.Qd2 Nde7 18.Rad1 Rfd8 19.Qe2 Bg4 20.f3 Bf5 21.Nbd6 Be6 22.Bc1 Nd5 23.Qc2 h6
24.Bd2 Qe7 25.Nb5 Rd7 26.Bc1 Qd8 27.Qe2 Rbb7 28.Qf1 Kh7 29.Qe2 Re7 30.Nba3 f5
31.f4 exf4 32.Qf3 Bf7 33.Bxf4 Rbd7 34.Bc1 Rxe1+ 35.Rxe1 Nde7 36.Bf1 Bd5 37.Qf4 Ng8
38.Nc2 Nf6 39.N2e3 Bf7 40.Bg2 Nd5 41.Nxd5 Bxd5 42.Bxd5 Rxd5 43.Qf3 Ne5 44.Nxe5 Bxe5
45.Bxh6 Bxg3 46.hxg3 Kxh6 47.Re3 Kg7  1/2-1/2

[Event "Cappelle op"]
[Site "Cappelle la Grande"]
[Date "1994.??.??"]
[Round "6"]
[White "Lukov, Valentin"]
[Black "Tkachiev, Vladislav"]
[Result "0-1"]
[WhiteElo "2380"]
[BlackElo "2510"]

1.Nf3 Nf6 2.c4 g6 3.Nc3 Bg7 4.e4 d6 5.d4 O-O 6.h3 Na6 7.Bg5 h6 8.Be3 e5 9.d5 Nc5
10.Nd2 a5 11.Be2 Bd7 12.g4 c6 13.h4 a4 14.h5 Qa5 15.f3 a3 16.Qc2 axb2 17.Qxb2 cxd5
18.cxd5 b5 19.Rb1 Rfc8 20.hxg6 fxg6 21.Bxh6 Nd3+ 22.Bxd3 Rxc3 23.Bxg7 Kxg7
24.Ke2 Nxg4 25.Nb3 Qa7 26.fxg4 Bxg4+ 27.Kd2 b4 28.Rhf1 Rh8  0-1

[Event "Cappelle op"]
[Site "Cappelle la Grande"]
[Date "1994.??.??"]
[Round "8"]
[White "Emms, John M"]
[Black "Tkachiev, Vladislav"]
[Result "1/2-1/2"]
[WhiteElo "2525"]
[BlackElo "2510"]

1.e4 g6 2.d4 Bg7 3.Nf3 d6 4.Nc3 c6 5.Bc4 Nf6 6.Bb3 O-O 7.O-O Bg4 8.h3 Bxf3
9.Qxf3 Nbd7 10.Be3 e5 11.Rad1 Qe7 12.Rfe1 Nh5 13.dxe5 Bxe5 14.g3 b5 15.Bc1 Nc5
16.Ne2 a5 17.c3 Nxb3 18.axb3 Rfe8 19.Nd4 Rac8 20.Kg2 Ng7 21.h4 b4 22.Bf4 bxc3
23.bxc3 Qb7 24.Rb1 h5 25.Kg1 Rb8 26.Bxe5 dxe5 27.Nc2 Qe7 28.b4  1/2-1/2

[Event "Jakarta"]
[Site "Jakarta"]
[Date "1994.??.??"]
[Round "5"]
[White "Xu Jun"]
[Black "Tkachiev, Vladislav"]
[Result "1/2-1/2"]
[WhiteElo "2550"]
[BlackElo "2510"]

1.d4 Nf6 2.c4 g6 3.g3 Bg7 4.Bg2 O-O 5.Nc3 d6 6.Nf3 Nbd7 7.O-O e5 8.h3 c6
9.e4 Qb6 10.c5 dxc5 11.dxe5 Ne8 12.Na4 Qb5 13.Bg5 Nc7 14.Be7 Re8 15.Bd6 Ne6
16.Rc1 b6 17.Re1 Ba6 18.a3 Qd3 19.Qxd3 Bxd3 20.b4 cxb4 21.axb4 a5 22.bxa5 Rxa5
23.Nb2 Bb5 24.Nc4 Bxc4 25.Rxc4 Rc8 26.Rb1 c5 27.Bf1 b5 28.Rc2 c4 29.h4 Ndc5
30.Re1 Ra3 31.Ng5 Nd4 32.Rd2 Ndb3 33.Rd5 Bf8 34.Bh3 Rca8 35.Re3 h6 36.Nf3 b4
37.Bf1 c3 38.Ne1 Ra2 39.Bc4 Ra1 40.Kg2 Rc8 41.Nc2 Ra4 42.Bb5 Ra5 43.Be2 Ra4
44.Bb5 Ra5 45.Be2 Nxe4 46.Rxa5 Nxd6 47.exd6 Nxa5 48.d7 Rd8 49.Nxb4 Rxd7 50.Na2 c2
51.Rc3 Rd2 52.Bd3 Bg7 53.Rc8+ Kh7 54.Bxc2 Bd4 55.h5 Bxf2 56.Kh3  1/2-1/2

[Event "Jakarta"]
[Site "Jakarta"]
[Date "1994.??.??"]
[Round "7"]
[White "Sitanggang, Salor"]
[Black "Tkachiev, Vladislav"]
[Result "0-1"]
[WhiteElo "2390"]
[BlackElo "2510"]

1.d4 Nf6 2.Nf3 g6 3.c4 Bg7 4.Nc3 d6 5.h3 O-O 6.Bf4 c5 7.d5 Re8 8.e3 e6 9.dxe6 Bxe6
10.Be2 d5 11.O-O h6 12.Nb5 Na6 13.Nd2 Re7 14.Bg3 Rd7 15.Qa4 Nb4 16.a3 Nc6
17.Bf3 d4 18.exd4 Nxd4 19.Nxd4 Rxd4 20.Nb3 Rxc4 21.Qb5 Qb6 22.Qxb6 axb6 23.Bxb7 Ra7
24.Bc6 Rc2 25.Bb8 Ra6 26.Nc1 Nd7 27.Bxd7 Bxd7 28.Rd1 Bxb2 29.Rb1 Bd4 30.Nb3 Bxf2+
31.Kh1 Be6 32.Rd8+ Kg7 33.Nd2 Bd4 34.Ne4 Re2 35.Nd6 Rxa3 36.Nb5 Ra1  0-1

[Event "Jakarta"]
[Site "Jakarta"]
[Date "1994.??.??"]
[Round "10"]
[White "Tkachiev, Vladislav"]
[Black "Blatny, Pavel"]
[Result "1-0"]
[WhiteElo "2510"]
[BlackElo "2525"]

1.e4 Nf6 2.e5 Nd5 3.d4 d6 4.Nf3 Bg4 5.Be2 e6 6.O-O Be7 7.h3 Bh5 8.c4 Nb6
9.Nc3 Nc6 10.exd6 cxd6 11.d5 exd5 12.Nxd5 Nxd5 13.Qxd5 Bg6 14.Qb5 Qc7 15.Bf4 a6
16.Qb3 O-O 17.Rfd1 h6 18.Rd2 Rfd8 19.Rc1 Ne5 20.Rcd1 Rac8 21.Qe3 f6 22.b3 Bf8
23.Nd4 Re8 24.Qg3 Qc5 25.Be3 Qa5 26.Kh2 Kh8 27.Bf4 Be4 28.Bh5 g6 29.Be2 g5
30.Be3 d5 31.f4 Bd6 32.Nf5 Bb8 33.Bd4 Bxf5 34.fxe5 Rxe5 35.Kh1 dxc4 36.Bxc4 b5
37.Bxe5 Bxe5 38.Qf3 Bg6 39.Be6 Re8  1-0

[Event "Jakarta"]
[Site "Jakarta"]
[Date "1994.??.??"]
[Round "13"]
[White "Hracek, Zbynek"]
[Black "Tkachiev, Vladislav"]
[Result "1/2-1/2"]
[WhiteElo "2510"]
[BlackElo "2510"]

1.e4 c5 2.Nf3 Nc6 3.d4 cxd4 4.Nxd4 e5 5.Nb5 d6 6.c4 Be7 7.N1c3 a6 8.Na3 Be6
9.Nc2 Bg5 10.Bd3 Bxc1 11.Qxc1 Nf6 12.O-O Qb6 13.b3 Rc8 14.Rd1 O-O 15.h3 Rfd8
16.Qd2 Kf8 17.Ne2 Qa5 18.Ne3 Qb4 19.g4  1/2-1/2

[Event "PCA/Intel-GP"]
[Site "London"]
[Date "1994.??.??"]
[Round "1"]
[White "Malaniuk, Vladimir P"]
[Black "Tkachiev, Vladislav"]
[Result "0-1"]
[WhiteElo "2610"]
[BlackElo "2535"]

1.d4 Nf6 2.Nf3 g6 3.c3 Bg7 4.Bg5 O-O 5.Nbd2 d6 6.e4 c5 7.dxc5 dxc5 8.Be2 Nc6
9.O-O Qc7 10.Qc2 h6 11.Be3 b6 12.h3 Bb7 13.Nh2 Rad8 14.f4 e6 15.Kh1 Qb8 16.Rad1 Rfe8
17.e5 Nd5 18.Bg1 Nce7 19.Ne4 Nf5 20.Rf3 Nxf4 21.Rxd8 Rxd8 22.Ng4 Bxe4 23.Qxe4 Nxe2
24.Qxe2 h5 25.Ne3 Qxe5 26.Qf2 Nxe3 27.Rxe3 Qd6 28.Re2 Qd5 29.a3 Qf5 30.Qe1 Rd3
31.Rd2 c4 32.Rf2 Qd5 33.Qe2 Rxh3+  0-1

[Event "Moscow ol (Men)"]
[Site "Moscow"]
[Date "1994.??.??"]
[Round "5"]
[White "Tkachiev, Vladislav"]
[Black "Magomedov, Magaram"]
[Result "0-1"]
[WhiteElo "2535"]
[BlackElo "2450"]

1.e4 c6 2.d4 d5 3.e5 Bf5 4.Nf3 e6 5.c3 Nd7 6.Be2 Ne7 7.O-O c5 8.Be3 Nc6 9.a3 c4
10.Nbd2 Be7 11.Ne1 g5 12.f4 gxf4 13.Bxf4 Qb6 14.b3 cxb3 15.Nxb3 Ncxe5 16.a4 Ng6
17.Bg3 Rc8 18.a5 Qc6 19.c4 dxc4 20.Bxc4 O-O 21.Bd3 Bxd3 22.Nxd3 Nf6 23.Rb1 Ne4
24.Qe1 Nxg3 25.Qxg3 Bd6 26.Qe3 Qd5 27.Nbc5 Rc7 28.Ne4 Be7 29.Kh1 Rd7 30.Ndc5 Rc7  0-1

[Event "Moscow ol (Men)"]
[Site "Moscow"]
[Date "1994.??.??"]
[Round "7"]
[White "Tkachiev, Vladislav"]
[Black "Hatanbaatar, Bazar"]
[Result "1-0"]
[WhiteElo "2535"]
[BlackElo "2435"]

1.e4 c6 2.d4 d5 3.e5 Bf5 4.Nf3 e6 5.Be2 Nd7 6.O-O c5 7.c4 dxc4 8.d5 exd5
9.Qxd5 Qc7 10.Bxc4 Be6 11.Qe4 Bxc4 12.Qxc4 Nb6 13.Qe4 Ne7 14.e6 f6 15.Rd1 Qc6
16.Qe2 Ned5 17.Nc3 Rd8 18.Nxd5 Nxd5 19.Nh4 g6 20.Nf5 h5 21.Nh4 Rg8 22.Bd2 Rd6
23.Re1 Ke7 24.f4 Rxe6 25.Nxg6+ Rxg6 26.Qxe6+ Qxe6 27.f5 Rxg2+ 28.Kxg2 Qxe1
29.Rxe1+ Kd7 30.Re4 Ne7 31.Rh4 Nxf5 32.Rxh5 Ke6 33.Rh8 Kf7 34.Bc3 Ne3+ 35.Kf3 Nd5
36.Ke4 Nxc3+ 37.bxc3 b5 38.Rh7+ Bg7 39.Kf5 c4 40.h4 b4 41.h5 Kg8 42.Kg6  1-0

[Event "Tilburg blitz"]
[Site "Tilburg"]
[Date "1994.??.??"]
[Round "2"]
[White "Portisch, Lajos"]
[Black "Tkachiev, Vladislav"]
[Result "1/2-1/2"]
[WhiteElo "2610"]
[BlackElo "2535"]

1.c4 Nf6 2.Nc3 g6 3.e4 d6 4.d4 Bg7 5.f3 O-O 6.Be3 a6 7.Bd3 Nfd7 8.f4 c5 9.d5 b5
10.cxb5 axb5 11.Bxb5 Qa5 12.Ne2 Nf6 13.Bd3 Ng4 14.Bg1 Qb4 15.Qd2 Ba6 16.Bxa6 Nxa6
17.a3 Qc4 18.Rc1 Rfb8 19.Ng3 Qb3 20.h3 Nf6 21.Rc2 Nd7 22.Bf2 Nb6 23.O-O Nc4
24.Qe2 Nxb2 25.e5 Na4 26.Nce4 Nc7 27.exd6 exd6 28.Nxd6 Nxd5 29.Qc4 Nxf4 30.Qxf4 Qxc2
31.Qxf7+ Kh8 32.Qe6 Rf8 33.Nge4 Nc3 34.Ng5 h6 35.Ndf7+ Rxf7 36.Nxf7+ Kh7
37.Re1 Rxa3 38.Nd6 Nd1 39.Re2 Qc1 40.Re1 Qc2 41.Re2 Qb1 42.Re1 Qc2 43.Re2 Qc1
44.Re1 Ra1 45.Qe2 Nc3 46.Qe7 Qg5 47.Qxg5 Rxe1+ 48.Bxe1 hxg5 49.Kf1 Nd5 50.Bd2 Nf4
51.h4 Ne6 52.hxg5 Bf8 53.Ne4 Be7 54.Ke2 c4 55.Be3 Kg7 56.Kd2 Bb4+ 57.Kc2 Kf7
58.Bd2 Nd4+ 59.Kb2 Bxd2 60.Nxd2 Ke6 61.Nxc4 Kf5 62.Kc3 Ne2+ 63.Kd2 Nf4 64.g4+  1/2-1/2

[Event "Tilburg rapid20"]
[Site "Tilburg"]
[Date "1994.??.??"]
[Round "2"]
[White "Tkachiev, Vladislav"]
[Black "Portisch, Lajos"]
[Result "0-1"]
[WhiteElo "2535"]
[BlackElo "2610"]

1.e4 c5 2.f4 d5 3.exd5 Qxd5 4.Nc3 Qd8 5.Nf3 e6 6.Ne5 a6 7.Qf3 Nf6 8.b3 Ra7
9.Bb2 b5 10.Bd3 Rc7 11.O-O Bb7 12.Qg3 Bd6 13.Rae1 Nbd7 14.Qxg7 Rf8 15.Ne4 Nxe4
16.Bxe4 Bxe4 17.Rxe4 Nxe5 18.fxe5 f5 19.Qh6 fxe4 20.Qxe6+ Be7 21.Rxf8+ Kxf8
22.Qf5+ Kg8 23.Qg4+ Kh8 24.e6+ Bf6 25.Qg5 Bd4+ 26.Bxd4+ Qxd4+ 27.Kh1 Rg7
28.e7 Qa1+  0-1

[Event "Tilburg rapid20"]
[Site "Tilburg"]
[Date "1994.??.??"]
[Round "2"]
[White "Tkachiev, Vladislav"]
[Black "Portisch, Lajos"]
[Result "1/2-1/2"]
[WhiteElo "2535"]
[BlackElo "2610"]

1.e4 c5 2.f4 d5 3.exd5 Qxd5 4.Nc3 Qe6+ 5.Be2 Nc6 6.Nf3 Nd4 7.Nxd4 cxd4 8.Nb5 Qb6
9.c3 dxc3 10.dxc3 Bd7 11.a4 a6 12.Na3 Be6 13.Nc4 Qc7 14.Ne5 Nf6 15.a5 g6
16.Qa4+ Nd7 17.Be3 Bg7 18.Nf3 O-O 19.Rd1 Nf6 20.O-O Nd5 21.Bc1 Rad8 22.Kh1 Bd7
23.Qc4 Qxc4 24.Bxc4 Bb5 25.Bxb5 axb5 26.Ne5 e6 27.Bd2 Ra8 28.Nd3 Rfc8 29.Ra1 Rc6
30.g3 Bf8 31.Rfc1 f6 32.Kg1 Kf7 33.Kf1 Rd8 34.Ke2 h6 35.Rf1 Ra6 36.Nc1 b4
37.c4 Nc7 38.Nb3 Rc6 39.Rac1 Na6 40.Be3 Rdc8 41.Rfd1 Ke8 42.Bb6 Be7 43.Rd4 Nc5
44.Nxc5 Bxc5 45.Bxc5 Rxc5 46.Rd6 R8c6 47.Rcd1 Rxd6 48.Rxd6 Rxc4 49.Rxe6+ Kf7
50.Rb6 Rc2+ 51.Kd3 Rxb2 52.Rxb7+ Ke6 53.a6 Ra2 54.a7  1/2-1/2

[Event "Cannes op"]
[Site "Cannes"]
[Date "1995.??.??"]
[Round "3"]
[White "Haik, Aldo"]
[Black "Tkachiev, Vladislav"]
[Result "0-1"]
[WhiteElo "2435"]
[BlackElo "2575"]

1.e4 c5 2.Nc3 Nc6 3.f4 g6 4.g3 Bg7 5.Bg2 d6 6.Nh3 e6 7.d3 Nge7 8.Nf2 Rb8
9.O-O O-O 10.Ne2 b5 11.a3 a5 12.g4 f5 13.gxf5 exf5 14.Ng3 Qc7 15.exf5 Nxf5
16.Nxf5 Bxf5 17.Ne4 Qd7 18.c3 Ne7 19.Qe1 Rbe8 20.Bd2 c4 21.dxc4 Nc8 22.Rd1 bxc4
23.Bc1 Kh8 24.Qe3 Re7 25.Rfe1 Rfe8 26.Rd4 d5 27.Qd2 Qa7  0-1

[Event "Cannes op"]
[Site "Cannes"]
[Date "1995.??.??"]
[Round "9"]
[White "Tkachiev, Vladislav"]
[Black "Nikolaidis, Ioannis"]
[Result "1-0"]
[WhiteElo "2575"]
[BlackElo "2495"]

1.e4 c6 2.d4 d5 3.e5 Bf5 4.Nf3 e6 5.Be2 c5 6.Be3 Nd7 7.O-O Ne7 8.c4 dxc4
9.Na3 Nd5 10.Bg5 Be7 11.Bxe7 Qxe7 12.Nxc4 O-O 13.Nd6 Nf4 14.Nxf5 exf5 15.Bb5 Nb6
16.Rc1 Rac8 17.Qd2 Nbd5 18.Bc4 cxd4 19.g3 Nb6 20.Bxf7+ Qxf7 21.Qxf4 Qxa2
22.Rxc8 Nxc8 23.Qxd4 f4 24.Qe4 fxg3 25.hxg3 Qf7 26.Ng5 Qf5 27.Qxf5 Rxf5 28.f4 h6
29.Ne6 Ne7 30.Kg2 Nc6 31.Nc5 Rf8 32.Rc1 g5 33.Nxb7 Nd4 34.Rc4 Nf5 35.Kf3 g4+
36.Kf2 h5 37.Nd6 Nxd6 38.exd6 Kf7 39.Rc7+ Ke6 40.d7 Rb8 41.Rb7 Rd8 42.Rxa7 Kd6
43.Ke3  1-0

[Event "Cappelle op"]
[Site "Cappelle la Grande"]
[Date "1995.??.??"]
[Round "2"]
[White "Shtyrenkov, Veniamen"]
[Black "Tkachiev, Vladislav"]
[Result "0-1"]
[WhiteElo "2460"]
[BlackElo "2575"]

1.e4 e5 2.Nf3 Nc6 3.Nc3 Nf6 4.d4 exd4 5.Nxd4 Bb4 6.Nxc6 bxc6 7.Bd3 O-O 8.O-O d5
9.exd5 cxd5 10.Bg5 c6 11.Qf3 Be7 12.h3 h6 13.Bh4 Rb8 14.b3 Rb4 15.Bg3 Bd6
16.Ne2 c5 17.c3 Rb6 18.Bxd6 Rxd6 19.Ng3 Re8 20.Rfe1 Rde6 21.Rxe6 Rxe6 22.Bf5 Re5
23.Rd1 Bxf5 24.Nxf5 Qb6 25.Ne3 Qe6 26.b4 Ne4 27.bxc5 Nxc3 28.Rd3 Ne4 29.Qd1 d4
30.Rxd4 Qxa2 31.Ng4 Re8 32.Rd8 Qe6 33.Rxe8+ Qxe8 34.Qd5 Nc3 35.Qc4 Qe1+ 36.Kh2 Ne2
37.Nxh6+ Kh7 38.Qe4+ g6 39.h4 Kxh6 40.Qe3+ Kh7 41.g3 Qg1+ 42.Kh3 Qh1+ 43.Kg4 Qd5  0-1

[Event "Cappelle op"]
[Site "Cappelle la Grande"]
[Date "1995.??.??"]
[Round "6"]
[White "Malaniuk, Vladimir P"]
[Black "Tkachiev, Vladislav"]
[Result "1/2-1/2"]
[WhiteElo "2615"]
[BlackElo "2575"]

1.d4 Nf6 2.Nf3 g6 3.c3 Bg7 4.Bg5 O-O 5.Nbd2 d6 6.e3 c5 7.Bc4 Nc6 8.O-O cxd4
9.exd4 h6 10.Bh4 Qc7 11.d5 Ne5 12.Bb3 g5 13.Bg3 Bg4 14.h3 Bh5 15.Qe2 Nfd7
16.Qe3 Nxf3+ 17.gxf3 Nc5 18.f4 Nxb3 19.axb3 Qc5 20.Qxc5 dxc5 21.fxg5 Rfd8
22.c4 hxg5 23.Ne4 Bxb2 24.Ra2 Bd4 25.Nxg5 b5 26.Re1 bxc4 27.bxc4 Rd7 28.Kg2 a5
29.Nf3 Bxf3+ 30.Kxf3 a4 31.Be5 Bxe5 32.Rxe5 a3 33.Re3  1/2-1/2

[Event "Cappelle op"]
[Site "Cappelle la Grande"]
[Date "1995.??.??"]
[Round "7"]
[White "Tkachiev, Vladislav"]
[Black "Chuchelov, Vladimir"]
[Result "1/2-1/2"]
[WhiteElo "2575"]
[BlackElo "2530"]

1.e4 c5 2.f4 g6 3.Nf3 Bg7 4.Nc3 Nc6 5.Bb5 Nd4 6.Bd3 e6 7.Nxd4 cxd4 8.Nb5 d6
9.c3 Nf6 10.Nxd4 e5 11.Nf3 exf4 12.Bb5+ Bd7 13.Bxd7+ Qxd7 14.d3 Nh5 15.O-O O-O
16.Ng5 Qb5 17.Nh3 f5 18.Nxf4 Nxf4 19.Rxf4 Bh6 20.Rxf5 gxf5 21.Bxh6 Rf6 22.Qd2  1/2-1/2

[Event "Clichy"]
[Site "Clichy"]
[Date "1995.??.??"]
[Round "?"]
[White "Tkachiev, Vladislav"]
[Black "Flear, Glenn C"]
[Result "1/2-1/2"]
[WhiteElo "2605"]
[BlackElo "2495"]

1.e4 e5 2.Nf3 Nc6 3.Bc4 Nf6 4.d3 Bc5 5.c3 a6 6.Nbd2 d6 7.Nf1 Ba7 8.Bb3 O-O
9.Ng3 h6 10.h3 Be6 11.Nh2 Bxb3 12.axb3 d5 13.Qf3 dxe4 14.dxe4 Nh7 15.h4 Qd7
16.Ng4 Rad8 17.O-O Qd3 18.Ne3 Bxe3 19.Bxe3 Ne7 20.Rfd1 Qb5 21.b4 b6 22.b3 Qc6
23.c4 Rxd1+ 24.Rxd1 f5 25.Nxf5 Nxf5 26.exf5 Qxf3 27.gxf3 Rxf5 28.Kg2 Nf8
29.Ra1 Ne6 30.Rxa6 Kf7 31.c5 b5 32.Ra7 Kg6 33.Rb7 c6 34.Rd7 Rf6 35.Kg3 Kf5
36.Re7 h5 37.Kg2 g6 38.Kg3 Nf4 39.Bd2 Nd5 40.Rg7 e4 41.Bc1 exf3 42.Bb2 Rf8
43.Kxf3 Ke6+ 44.Kg2 Ne7 45.Bc1 Rf7 46.Rxf7 Kxf7 47.Kf3 Nd5 48.Bd2 Ke6 49.Ke4 Kf6  1/2-1/2

[Event "Clichy"]
[Site "Clichy"]
[Date "1995.??.??"]
[Round "?"]
[White "Boudre, Jean Pierre"]
[Black "Tkachiev, Vladislav"]
[Result "0-1"]
[WhiteElo "2380"]
[BlackElo "2605"]

1.e4 g6 2.d4 Bg7 3.Nf3 d6 4.c3 Nf6 5.Bd3 O-O 6.O-O c5 7.h3 Qc7 8.Re1 Rd8
9.Nbd2 e5 10.d5 Nh5 11.Nf1 Nd7 12.Bc2 a6 13.g4 Nf4 14.Bxf4 exf4 15.Qd2 b5
16.Qxf4 b4 17.Re3 Ne5 18.Nxe5 Bxe5 19.Qh6 bxc3 20.bxc3 Qe7 21.Rf3 Rb8 22.Re1 a5
23.Qc1 Kg7 24.Ng3 Bd7 25.Ne2 a4 26.Re3 Kg8 27.f4 Bg7 28.Kg2 Rb6 29.Ng3 Rdb8
30.R1e2 Rb2 31.Bd3 a3 32.Bc4 Rb1 33.Qxa3 Qh4 34.e5 dxe5 35.fxe5 h5 36.e6 hxg4
37.hxg4 fxe6 38.Qxc5 Rc8 39.Qd6 Rxc4 40.Qxd7 Rxg4 41.Qxe6+ Kh7  0-1

[Event "Moscow PCA-Intel qual"]
[Site "Moscow"]
[Date "1995.??.??"]
[Round "2"]
[White "Tkachiev, Vladislav"]
[Black "Van Wely, Loek"]
[Result "1-0"]
[WhiteElo "2575"]
[BlackElo "2575"]

1.Nf3 Nf6 2.g3 d5 3.Bg2 Bf5 4.O-O e6 5.c4 c6 6.d3 Nbd7 7.Nc3 h6 8.Be3 Bd6
9.Qb3 Qb8 10.Rac1 O-O 11.h3 Re8 12.a3 a5 13.Rfe1 Nc5 14.Bxc5 Bxc5 15.d4 Bd6
16.Nd2 c5 17.dxc5 Bxc5 18.Na4 Ba7 19.Nb6 Bxb6 20.Qxb6 Ra6 21.Qb5 Ne4 22.Nxe4 dxe4
23.Red1 Rd8 24.c5 Rxd1+ 25.Rxd1 Qc8 26.g4 Bg6 27.Qd7 Qxd7 28.Rxd7 Rc6 29.b4 axb4
30.axb4 b6 31.Rd8+ Kh7 32.Rd6 Rc8 33.Rxb6 Kg8 34.c6 Kf8 35.b5 Ke7 36.h4 Kd6
37.h5 Bh7 38.Rb7 Rc7 39.Rb8 g5 40.Rh8 f5 41.b6  1-0

[Event "Asia-chT"]
[Site "Singapore"]
[Date "1995.??.??"]
[Round "5"]
[White "Handoko, Edhi"]
[Black "Tkachiev, Vladislav"]
[Result "1/2-1/2"]
[WhiteElo "2495"]
[BlackElo "2605"]

1.e4 g6 2.d4 Bg7 3.Nf3 d6 4.Be2 Nf6 5.Nc3 O-O 6.O-O c6 7.a4 Qc7 8.h3 e5 9.Re1 a5
10.Be3 Na6 11.Qd2 Re8 12.Bc4 Be6 13.Bf1 Nb4 14.Rac1 Rad8 15.Bg5 Bc8 16.Bc4 Qe7
17.Qe3 exd4 18.Qxd4 h6 19.Bd2  1/2-1/2

[Event "Asia-chT"]
[Site "Singapore"]
[Date "1995.??.??"]
[Round "8"]
[White "Dao Thien Hai"]
[Black "Tkachiev, Vladislav"]
[Result "0-1"]
[WhiteElo "2545"]
[BlackElo "2605"]

1.d4 Nf6 2.c4 g6 3.Nc3 Bg7 4.e4 d6 5.Be2 O-O 6.Bg5 a6 7.Qd2 c5 8.d5 b5 9.cxb5 Qa5
10.a4 axb5 11.Bxb5 Ba6 12.f3 Qb4 13.Bxa6 Rxa6 14.Nge2 Nbd7 15.O-O Nb6 16.b3 c4
17.Nd4 cxb3 18.Nc6 Qc5+ 19.Kh1 Nfd7 20.Rac1 Nc4 21.Qe2 b2 22.Rc2 Rfa8 23.a5 Na3
24.Rxb2 Qxc3 25.Nxe7+ Kh8 26.Rb7 Nc5  0-1

[Event "Hoogovens op"]
[Site "Wijk aan Zee"]
[Date "1995.??.??"]
[Round "1"]
[White "Nijboer, Friso"]
[Black "Tkachiev, Vladislav"]
[Result "1/2-1/2"]
[WhiteElo "2510"]
[BlackElo "2575"]

1.e4 e5 2.Nf3 Nc6 3.Nc3 Nf6 4.Bb5 Nd4 5.Ba4 Bc5 6.Nxe5 O-O 7.Nd3 Bb6 8.e5 Ne8
9.Nd5 d6 10.Ne3 c6 11.O-O Bc7 12.f4 dxe5 13.Nxe5 b5 14.Bb3 Bxe5 15.fxe5 Qg5
16.c3 Nxb3 17.axb3 Qxe5 18.Qf3 Qe6 19.Nf5 Bd7 20.d4 Nd6 21.Nxd6 Qxd6 22.Bf4 Qe6
23.b4 a6 24.Qg3 f6 25.Rae1 Qf7 26.Be5 Kh8 27.Re4 Qg6 28.Qxg6 hxg6 29.Bd6 Rfe8
30.Rfe1 Rxe4 31.Rxe4 Re8 32.Rxe8+ Bxe8 33.d5 cxd5 34.Kf2 d4  1/2-1/2

[Event "Hoogovens op"]
[Site "Wijk aan Zee"]
[Date "1995.??.??"]
[Round "4"]
[White "Tkachiev, Vladislav"]
[Black "Van Wely, Loek"]
[Result "0-1"]
[WhiteElo "2575"]
[BlackElo "2575"]

1.e4 c5 2.Nf3 e6 3.Nc3 a6 4.g3 Nc6 5.Bg2 d6 6.O-O Nf6 7.d4 cxd4 8.Nxd4 Bd7
9.Be3 Be7 10.a4 Ne5 11.Qe2 Rc8 12.Rad1 O-O 13.Kh1 Nc4 14.Bc1 Nb6 15.f4 Nxa4
16.Nxa4 Bxa4 17.e5 Nd5 18.Qg4 Bxc2 19.Nxc2 Rxc2 20.Be4 Rc4 21.f5 Rxc1 22.Rxc1 Ne3
23.Qe2 Nxf1 24.f6 Bxf6 25.exf6 Nxg3+ 26.hxg3 Qxf6 27.Rc7 d5 28.Bf3 Rb8 29.b4 g6
30.Kg2 h5 31.Qf2 Kg7 32.Qa7 Rh8 33.Qe3 h4 34.g4 g5 35.Be2 b5 36.Rc1 Qf4 37.Qxf4 gxf4
38.Bd3 e5 39.Bf5 e4 40.Rd1 f3+ 41.Kf2 h3 42.Rh1  0-1